00611 2200193 4500001002100000008004100021035001900062245011400081100002400195250000900219260004400228300003400272020002100306084001500327082000700342650003400349990001700383990001700400INLIS000000000016812 Ind $a 0010-0326000170$a Menjaga dan melindungi hak anak sepenuh hati : $b Anak terlindungi, Keluarga bahagia / $c Arist Merdeka Sirait$a Arist Merdeka Sirait$a Cet.1$a Jakarta: $b Jala Permata Aksara $c 2021 $a xxviii,352 hlm. ; $c 14x21 cm.$a 978-623-6603-06-2$a 362.7 Ari m$a 363$a Pelayanan Kepada Anak / Remaja$a 36229/pb/2025$a 36230/pb/2025